[Event "Bogota op 10"]
[Site "Bogota"]
[Date "2012.10.15"]
[Round "5"]
[White "Quinonez Lara, Maria Constanza"]
[Black "Poveda, Julio Cesar"]
[Result "1-0"]
[WhiteElo "1755"]
[BlackElo "1912"]
[PlyCount "75"]
[EventDate "2012.10.11"]
[EventType "swiss"]
[EventRounds "9"]
[EventCountry "COL"]
[SourceTitle "EXT 2013"]
[Source "ChessBase"]
[SourceDate "2012.11.22"]
[SourceVersion "1"]
[SourceVersionDate "2012.11.22"]
[SourceQuality "1"]

1. e4 c6 2. d3 d5 3. Nd2 dxe4 4. dxe4 e5 5. Ngf3 Bg4 6. Be2 Nd7 7. c3 Ngf6 8. Qc2 Be7 9. 0-0 0-0 10. Nc4 Qc7 11. Ne3 Be6 12. Ng5 Nc5 13. b4 Ncxe4 14. Nxe4 Nxe4 15. Qxe4 f5 16. Qc2 f4 17. Bc4 Bxc4 18. Nxc4 f3 19. Qe4 fxg2 20. Qxg2 Bf6 21. Be3 b5 22. Nd2 Rf7 23. Rad1 Raf8 24. Nf3 g6 25. Bh6 Re8 26. Rd2 c5 27. Rfd1 c4 28. Ng5 Bxg5 29. Bxg5 Rf5 30. Be3 Re7 31. Rd8+ Kg7 32. Qd5 Ref7 33. Rd7 Qb8 34. Bh6+ Kxh6 35. Rxf7 Rg5+ 36. Kf1 Qc8 37. Qd7 Qg8 38. Qxa7 1-0

[Event "Santander UDI University op U27"]
[Site "Santander"]
[Date "2012.03.31"]
[Round "5"]
[White "Cuevas Sanchez, Bramdon Daniel"]
[Black "Poveda, Julio Cesar"]
[Result "1-0"]
[WhiteElo "1617"]
[BlackElo "1917"]
[PlyCount "61"]
[EventDate "2012.03.29"]
[EventType "swiss"]
[EventRounds "9"]
[EventCountry "COL"]
[SourceTitle "CBM 147 Extra"]
[Source "ChessBase"]
[SourceDate "2012.04.24"]
[SourceVersion "1"]
[SourceVersionDate "2012.04.24"]
[SourceQuality "1"]

1. e4 c6 2. d4 d5 3. Nd2 dxe4 4. Nxe4 Bf5 5. Ng3 Bg6 6. N1e2 Nf6 7. Nf4 e6 8. h4 h5 9. Nxg6 fxg6 10. Bc4 Kf7 11. Qe2 Qd7 12. Bf4 Bd6 13. Be5 b5 14. Bb3 a5 15. c3 Na6 16. Rd1 Nc7 17. Ne4 Nce8 18. Nc5 Bxc5 19. dxc5 Nd5 20. 0-0 Nef6 21. Rfe1 Qe7 22. Bd6 Qd7 23. c4 bxc4 24. Bxc4 Rhe8 25. Qf3 Kg8 26. Re2 Qf7 27. Rde1 Kh7 28. Bxd5 exd5 29. Re7 Rxe7 30. Rxe7 Qg8 31. Qxf6 1-0

[Event "Santander UDI University op U27"]
[Site "Santander"]
[Date "2012.03.30"]
[Round "3"]
[White "Rojas Carrillo, Jonathan"]
[Black "Poveda, Julio Cesar"]
[Result "0-1"]
[WhiteElo "1527"]
[BlackElo "1917"]
[PlyCount "74"]
[EventDate "2012.03.29"]
[EventType "swiss"]
[EventRounds "9"]
[EventCountry "COL"]
[SourceTitle "CBM 147 Extra"]
[Source "ChessBase"]
[SourceDate "2012.04.24"]
[SourceVersion "1"]
[SourceVersionDate "2012.04.24"]
[SourceQuality "1"]

1. e4 c6 2. Nf3 d5 3. exd5 cxd5 4. d4 Bg4 5. Be2 Nf6 6. Nc3 e6 7. a3 Nc6 8. Bg5 Be7 9. 0-0 Qb6 10. Bb5 0-0 11. Bxc6 bxc6 12. b4 a5 13. bxa5 Qxa5 14. Qd3 c5 15. Ne5 Bf5 16. Qf3 cxd4 17. Nc6 Qc5 18. Nxe7+ Qxe7 19. Nxd5 Qd8 20. Nxf6+ gxf6 21. Bh6 Re8 22. Qg3+ Bg6 23. h4 Qd5 24. f4 Qh5 25. f5 exf5 26. Bd2 Re4 27. Rf4 Rae8 28. a4 Rxf4 29. Qxf4 Qg4 30. Qxg4 fxg4 31. Bf4 Bxc2 32. Rc1 d3 33. a5 Re4 34. Bh6 f5 35. a6 Ra4 36. Re1 f6 37. Re6 Kf7 0-1

[Event "Bogota Univ Central op-A 5th"]
[Site "Bogota"]
[Date "2011.10.13"]
[Round "1.1"]
[White "Poveda, Julio Cesar"]
[Black "Ortiz Suarez, Isan Reynaldo"]
[Result "0-1"]
[WhiteElo "1984"]
[BlackElo "2555"]
[PlyCount "52"]
[EventDate "2011.10.13"]
[EventType "swiss"]
[EventRounds "9"]
[EventCountry "COL"]
[SourceTitle "EXT 2024"]
[Source "ChessBase"]
[SourceDate "2023.10.10"]
[SourceVersion "1"]
[SourceVersionDate "2023.10.10"]
[SourceQuality "1"]

1. e4 c5 2. c4 Nc6 3. Nc3 g6 4. g3 Bg7 5. Bg2 d6 6. d3 e6 7. Nge2 Nge7 8. Rb1 0-0 9. 0-0 Rb8 10. a3 b6 11. b4 Bb7 12. Be3 Nd4 13. bxc5 dxc5 14. f4 Qd7 15. Nb5 Nxe2+ 16. Qxe2 a6 17. f5 gxf5 18. exf5 Nxf5 19. Bf4 Bxg2 20. Kxg2 e5 21. Bd2 axb5 22. Qf3 Nd4 23. Qh5 bxc4 24. Rf2 Qc6+ 25. Kg1 cxd3 26. Rbf1 Ne2+ 0-1

[Event "Bogota Mayores Distrital op 03"]
[Site "Bogota"]
[Date "2011.03.21"]
[Round "7.7"]
[White "Estrella Becerra, Fernando"]
[Black "Poveda, Julio Cesar"]
[Result "1-0"]
[WhiteElo "2073"]
[BlackElo "1984"]
[PlyCount "105"]
[EventDate "2011.03.18"]
[EventType "swiss"]
[EventRounds "7"]
[EventCountry "COL"]
[SourceTitle "EXT 2024"]
[Source "ChessBase"]
[SourceDate "2023.10.10"]
[SourceVersion "1"]
[SourceVersionDate "2023.10.10"]
[SourceQuality "1"]

1. Nf3 c6 2. c4 d5 3. cxd5 cxd5 4. d4 Bf5 5. e3 Nf6 6. Nc3 e6 7. Bb5+ Nc6 8. Qa4 Qb6 9. 0-0 Bd6 10. Nh4 Bg6 11. Bd2 a6 12. h3 0-0 13. Bxc6 bxc6 14. Nxg6 hxg6 15. Qc2 Rab8 16. Rab1 Rfc8 17. Qd3 Qd8 18. Qxa6 Nh7 19. Qe2 f5 20. f4 Kf7 21. Nd1 g5 22. Qh5+ Kg8 23. Nf2 Qf6 24. fxg5 Nxg5 25. h4 Nf7 26. g4 g6 27. g5 gxh5 28. gxf6 Bg3 29. Kg2 Bxh4 30. Rh1 Bxf6 31. Rxh5 Kf8 32. Nd3 Nd6 33. Bb4 Rd8 34. a3 Rb7 35. Kf3 Ke8 36. Rg1 Rf7 37. Rg8+ Rf8 38. Rxf8+ Kxf8 39. Nf4 Kf7 40. Rh7+ Kg8 41. Rc7 e5 42. Ne6 Re8 43. Bxd6 Rxe6 44. dxe5 Bxe5 45. Bxe5 Rxe5 46. Rxc6 Kf7 47. Rb6 Re4 48. Rb4 Re6 49. a4 Ra6 50. Kf4 Ke6 51. b3 Kf6 52. Rb5 Ke6 53. a5 1-0

[Event "COL-chT"]
[Site "Bogota"]
[Date "2010.10.15"]
[Round "1.3"]
[White "Poveda, Julio Cesar"]
[Black "Zuluaga Mancilla, Cesar"]
[Result "0-1"]
[WhiteElo "1600"]
[BlackElo "2325"]
[PlyCount "72"]
[EventDate "2010.10.15"]
[EventType "swiss"]
[EventRounds "7"]
[EventCountry "COL"]
[SourceTitle "EXT 2024"]
[Source "ChessBase"]
[SourceDate "2023.10.10"]
[SourceVersion "1"]
[SourceVersionDate "2023.10.10"]
[SourceQuality "1"]

1. e4 c5 2. c4 Nc6 3. Nc3 e6 4. g3 g6 5. Bg2 Bg7 6. Nge2 d6 7. d3 Nge7 8. Rb1 0-0 9. 0-0 Nd4 10. Nxd4 cxd4 11. Ne2 Rb8 12. b3 Nc6 13. a3 e5 14. f4 f5 15. Bd2 Be6 16. Qe1 Qd7 17. Kh1 fxe4 18. Bxe4 d5 19. cxd5 Bxd5 20. Ng1 Rbe8 21. fxe5 Rxf1 22. Qxf1 Bxe4+ 23. dxe4 Rxe5 24. Qf3 Qe7 25. Re1 Qxa3 26. Bf4 Re8 27. e5 Qa5 28. b4 Qxb4 29. Qd5+ Kh8 30. Nf3 Rd8 31. Qf7 Rf8 32. Qd5 Rd8 33. Qf7 Qc3 34. Bd2 Qb2 35. Bg5 Rf8 36. e6 Qf2 0-1